000 00375nam a2200157Ia 4500
003 GCL
008 140319s9999 xx 000 0 ara d
040 _aGCL /
_cGCL
082 0 4 _a071
_bب ك
245 1 0 _aمصر فى صحف العرب
490 _a100 قصة
_v0
650 0 4 _aمصر
650 0 4 _aالصحافة العربية
650 0 4 _aالصحف
942 _2ddc
_cBK
999 _c43604
_d43604